Macrolichens from Chaco National Park (Chaco Province, Argentina) (Registro n. 337973)
[ somente texto ]
| 000 -LÍDER | |
|---|---|
| fixed length control field | 02248nab a2200253 i 4500 |
| 003 - CÓDIGO MARC DA AGÊNCIA CATALOGADORA | |
| Campo de controle | BR-BrBNA |
| 005 - DATA E HORA DA ÚLTIMA ATUALIZAÇÃO | |
| Campo de controle | 20250903172716.0 |
| 008 - CAMPO DE TAMANHO FIXO | |
| fixed length control field | 250903b2021 bl.ar|pooa||| 00| 0 eng | |
| 040 ## - FONTE DA CATALOGAÇÃO | |
| Agência catalogadora | BR-BrBNA |
| Idioma da catalogação | eng |
| 072 ## - CATEGORIA AGRIS | |
| Código AGRIS | F70 |
| 100 ## - ENTRADA PRINCIPAL - NOME PESSOAL | |
| Nome pessoal | Rodríguez, María Pía |
| 100 ## - ENTRADA PRINCIPAL - NOME PESSOAL | |
| Nome pessoal | Michlig, Andrea |
| 245 ## - TÍTULO PRINCIPAL | |
| Título principal | Macrolichens from Chaco National Park (Chaco Province, Argentina) |
| 500 ## - NOTA GERAL | |
| Nota geral | Publicação on-line; Bibliography p. 11-13 (73 ref.); Summaries (En, Es) |
| 942 ## - ADDED ENTRY ELEMENTS (KOHA) | |
| Koha item type | Analítica |
| 520 ## - NOTA DE RESUMO | |
| Nota de conteúdo | <br/><br/>Abstract<br/><br/>A study of the macrolichens diversity from Chaco National Park was conducted. Thirty-six species were<br/>identified, three of which are recorded for the first time from Argentina (Dirinaria melanocapa, Pyxine petricola <br/>var. convexula, and P. pungens). Moreover, the distribution of 27 species in the country is extended, including<br/>new records for Chaco province and, additionally, for other provinces of the region. An identification key for<br/>species is here provided and the geographic distribution of each one in Argentina was revised.<br/><br/>Key words: diversity, lichenized ascomycetes, protected area.<br/><br/><br/><br/><br/>Resumen<br/><br/>Se realizó un estudio sobre la diversidad de macrolíquenes presentes en el Parque Nacional Chaco. Fueron<br/>identificadas 36 especies, de las cuales tres se registran por primera vez para Argentina (Dirinaria melanocarpa, <br/>Pyxine petricola var. convexula y P. pungens). Por otra parte, se amplía la distribución de 27 especies en el<br/>país, incluyendo nuevos registros para la provincia de Chaco y, adicionalmente, para otras provincias de la<br/>región. Se proporciona una clave para la identificación de especies y se actualizó la distribución geográfica<br/>actual en Argentina de cada una de ellas.<br/><br/>Palabras clave: diversidad, ascomycetes liquenizados, área protegida. |
| 650 ## - ASSUNTO - THESAGRO | |
| Cabeçalho tópico ou nome geográfico | BIODIVERSIDADE |
| 650 ## - ASSUNTO - THESAGRO | |
| Cabeçalho tópico ou nome geográfico | TAXONOMIA |
| 650 ## - ASSUNTO - THESAGRO | |
| Cabeçalho tópico ou nome geográfico | PARQUE NACIONAL DO CHACO |
| 650 ## - ASSUNTO - THESAGRO | |
| Cabeçalho tópico ou nome geográfico | ARGENTINA |
| 773 0# - ENTRADA ANALÍTICA | |
| Host Biblionumber | 709 |
| Registro do item | 357347 |
| Imprenta | Rio de Janeiro-RJ Jardim Botanico do Rio de Janeiro 1935 |
| Outro identificador | 2025-5311 |
| Título | Rodriguésia (Brazil) |
| ISSN | 0370-6583; 2175-7860 on-line |
| Colação | v. 72 p. 1-13; (2021) |
| Número de controle de registro | BR2025001848 |
| 856 ## - ACESSO E ENDEREÇO ELETRÔNICO | |
| Identificador uniforme de recurso - URI | https://www.scielo.br/j/rod/a/tWNpVNpfNPBgkSZXLKjRWMq/?format=pdf&lang=en |
Nenhum exemplar disponível.

BINAGRI